00339nam a22001217a 4500999001700000082001400017100002000031245003500051260001200086300000800098942000700106952010400113 c65182d65179 a297.1226  aMahmoud M.Ayoub aThe Quran and its Interpreters aAlbany  a290 cBK 001040708REFaREFbREFd2019-07-09l0o297.1226 (Shelf - 16B)pR11847r2019-07-09 00:00:00yBK